Guardians of god : (Record no. 192487)
[ view plain ]
| 000 -LEADER | |
|---|---|
| fixed length control field | 00599nam a22001817a 4500 |
| 005 - DATE AND TIME OF LATEST TRANSACTION | |
| control field | 20220923115522.0 |
| 010 ## - LCCN (DPL NO) | |
| LC control number | ENG-135197 |
| 020 ## - INTERNATIONAL STANDARD BOOK NUMBER | |
| International Standard Book Number | 9780199468249 |
| Terms of availability | 695.00 |
| 035 ## - SYSTEM CONTROL NUMBER | |
| System control number | EN-118729 |
| 037 ## - SOURCE OF ACQUISITION | |
| Source of stock number/acquisition | DBAD/PUB |
| 082 ## - DEWEY DECIMAL CLASSIFICATION NUMBER | |
| Classification number | 297.72 |
| 100 ## - MAIN ENTRY--PERSONAL NAME | |
| Personal name | Shiekh, Mona Kanwal |
| 245 ## - TITLE STATEMENT | |
| Title | Guardians of god : |
| Remainder of title | Inside the religious mind of the pakistani taliban / |
| Statement of responsibility, etc | by Mona Kanwal Shiekh |
| 260 ## - PUBLICATION, DISTRIBUTION, ETC. (IMPRINT) | |
| Place of publication, distribution, etc | New Delhi |
| Name of publisher, distributor, etc | Oxford University Press |
| Date of publication, distribution, etc | 2016 |
| 270 ## - ADDRESS | |
| Address | YMCA Library Building, 1 Jai Singh Road, New Delhi-110001 |
| 300 ## - PHYSICAL DESCRIPTION | |
| Extent | xxiv,212p |
| Dimensions | 23cm.(Hb) |
| 942 ## - ADDED ENTRY ELEMENTS (KOHA) | |
| Source of classification or shelving scheme | Dewey Decimal Classification |
| Item type | English Books |
| Classification part | 297.72 |
| Call number suffix | SHE |
| Withdrawn status | Lost status | Not for loan | Collection code | Home library | Current library | Date acquired | Source of acquisition | Cost, normal purchase price | Full call number | Barcode | Copy number | Cost, replacement price | Koha item type |
|---|---|---|---|---|---|---|---|---|---|---|---|---|---|
| Non-fiction | Bawana | Bawana | 23/09/2022 | DBAD/PUB | 695.00 | 297.72 SHE | EN-118729 | 1 | 695.00 | English Books |
